[Event "Paracin 2018"]
[Site "Paracin, Hotel Petrus"]
[Date "2018.07.06"]
[Round "1.46"]
[White "Stojanovic, Sreten"]
[Black "Budisavljevic, Luka"]
[Result "0-1"]
[WhiteElo "2060"]
[BlackElo "2324"]
[PlyCount "150"]
[EventDate "2018.07.06"]

1. e4 c5 2. Nf3 e6 3. c3 d5 4. exd5 Qxd5 5. Bb5+ Bd7 6. Na3 Nf6 7. Qe2 a6 8.
Bxd7+ Nbxd7 9. Nc2 Bd6 10. Ne3 Qh5 11. d3 Ne5 12. Nxe5 Qxe2+ 13. Kxe2 Bxe5 14.
h3 Bc7 15. g3 O-O-O 16. a3 a5 17. a4 Rd7 18. Ng4 Nd5 19. Rd1 Rhd8 20. Ne3 Nb6
21. b3 Be5 22. Ba3 Rc7 23. Bb2 g6 24. Rac1 Kb8 25. Ba3 Bg7 26. Rc2 Ka7 27. Bc1
Ka6 28. Ng2 Nd5 29. Bd2 Rcd7 30. Be1 e5 31. Ne3 Ne7 32. f3 f5 33. Rcd2 Bh6 34.
Bf2 Nd5 35. Rc2 Bxe3 36. Bxe3 e4 37. fxe4 fxe4 38. d4 Nxc3+ 39. Rxc3 cxd4 40.
Bxd4 Rxd4 41. Rxd4 Rxd4 42. Ke3 Rb4 43. g4 g5 44. Kf2 Kb6 45. Ke3 Ka6 46. Kd2
Ka7 47. Kc2 Kb6 48. Rc8 Rd4 49. Re8 Rd3 50. Re6+ Kc5 51. Rxe4 Rxh3 52. Re5+ Kb4
53. Rb5+ Ka3 54. Rxb7 Rg3 55. Ra7 Rxg4 56. Rxh7 Rg2+ 57. Kc3 Rg3+ 58. Kc2 Rxb3
59. Rh1 Kxa4 60. Ra1+ Kb4 61. Rg1 Rc3+ 62. Kb2 Rc5 63. Rg4+ Kb5 64. Kb3 Kb6 65.
Re4 Kc6 66. Re8 Kd5 67. Re7 Kd4 68. Re8 Rb5+ 69. Kc2 Re5 70. Rd8+ Ke3 71. Kd1
Rc5 72. Rd7 g4 73. Re7+ Kf2 74. Rf7+ Kg2 75. Ke2 g3 0-1

[Event "Paracin 2018"]
[Site "Paracin, Hotel Petrus"]
[Date "2018.07.06"]
[Round "1.47"]
[White "Kathmale, Sameer"]
[Black "Ashid, Tsetseg-Ulzii"]
[Result "1-0"]
[WhiteElo "2323"]
[BlackElo "2055"]
[PlyCount "37"]
[EventDate "2018.07.06"]

1. e4 e6 2. d4 d5 3. Nc3 Bb4 4. exd5 exd5 5. Bd3 Ne7 6. Qh5 Be6 7. Nf3 Qd7 8.
Ne5 Qd6 9. O-O Bxc3 10. bxc3 g6 11. Qh4 Bf5 12. a4 Bxd3 13. Nxd3 Nf5 14. Re1+
Kd7 15. Qh3 Nc6 16. g4 Ng7 17. g5+ Kd8 18. Nc5 Na5 19. Bf4 1-0

[Event "Paracin 2018"]
[Site "Paracin, Hotel Petrus"]
[Date "2018.07.06"]
[Round "1.48"]
[White "Zhukov, Anton"]
[Black "Ozen, Bahadir"]
[Result "0-1"]
[WhiteElo "2046"]
[BlackElo "2317"]
[PlyCount "74"]
[EventDate "2018.07.06"]

1. d4 g6 2. c4 Bg7 3. Nc3 d6 4. e4 e5 5. d5 Nd7 6. Be2 a5 7. Be3 Bh6 8. Bxh6
Nxh6 9. Qd2 Ng8 10. Nf3 Nc5 11. O-O Nf6 12. Qc2 Nh5 13. b3 Nf4 14. a3 a4 15. b4
Nb3 16. Rab1 Bg4 17. Qd1 Nxe2+ 18. Qxe2 Bxf3 19. gxf3 Qg5+ 20. Kh1 Qd2 21. Qe1
Qd3 22. Rd1 Qxf3+ 23. Kg1 Nd4 24. Qe3 Qh5 25. f3 O-O 26. Nb5 Nxb5 27. cxb5 f5
28. Rc1 fxe4 29. fxe4 Qg4+ 30. Kh1 Rf4 31. Rxf4 exf4 32. Qf2 f3 33. Rxc7 Qxe4
34. Rc3 Rf8 35. Re3 Qxe3 36. Qxe3 f2 37. Qe6+ Kh8 0-1

[Event "Paracin 2018"]
[Site "Paracin, Hotel Petrus"]
[Date "2018.07.06"]
[Round "1.49"]
[White "Konaplev, Anton"]
[Black "Radovic, Stefan"]
[Result "1-0"]
[WhiteElo "2316"]
[BlackElo "2045"]
[PlyCount "84"]
[EventDate "2018.07.06"]

1. d4 d5 2. c4 c6 3. e3 Nf6 4. Nc3 a6 5. Nf3 Bf5 6. Qb3 Ra7 7. Be2 h6 8. O-O e6
9. a4 a5 10. Bd2 Bd6 11. Ne5 Nbd7 12. f4 O-O 13. Rad1 Ne4 14. Nxe4 Bxe4 15.
Nxd7 Qxd7 16. Bd3 f5 17. Bc3 Raa8 18. Bxe4 fxe4 19. Kh1 g5 20. g3 gxf4 21. gxf4
Kh7 22. c5 Be7 23. Qc2 Rg8 24. Rg1 Bf6 25. Qd2 Qc7 26. Rxg8 Kxg8 27. Rg1+ Kh7
28. Qe1 Bd8 29. Qg3 Qf7 30. Qh3 Bc7 31. Be1 Rg8 32. Rxg8 Qxg8 33. Bh4 Qg6 34.
Be7 h5 35. Qg2 Qxg2+ 36. Kxg2 Kg6 37. Kh3 Kh6 38. Kh4 Kg6 39. Bg5 Bb8 40. Bd8
Kh6 41. Bg5+ Kg6 42. Bd8 Ba7 1-0

[Event "Paracin 2018"]
[Site "Paracin, Hotel Petrus"]
[Date "2018.07.06"]
[Round "1.50"]
[White "Harshini, A."]
[Black "Olcum, Ahmet"]
[Result "1-0"]
[WhiteElo "2037"]
[BlackElo "2316"]
[PlyCount "119"]
[EventDate "2018.07.06"]

1. e4 d6 2. d4 g6 3. Nf3 Bg7 4. Be2 Nf6 5. Nc3 O-O 6. O-O Bg4 7. h3 Bxf3 8.
Bxf3 Nc6 9. Be3 e5 10. dxe5 dxe5 11. Ne2 Qe7 12. c3 Rfd8 13. Qb3 b6 14. Rad1
Na5 15. Qc2 Nc4 16. Bc1 Bf8 17. Ng3 Nd6 18. a4 Nd7 19. Rfe1 a5 20. b3 Nc5 21.
Ba3 Ndb7 22. Be2 Qf6 23. Bc4 c6 24. Rxd8 Rxd8 25. Re3 Rd7 26. Rf3 Qd8 27. Kh2
Bh6 28. b4 Rd2 29. Bxf7+ Kg7 30. Qb1 Nd3 31. Bc4 Nf4 32. Qb3 Nd6 33. bxa5 bxa5
34. Bxd6 Rxd6 35. Qb7+ Kh8 36. Ne2 Rf6 37. Nxf4 Bxf4+ 38. g3 Bc1 39. Rxf6 Qxf6
40. Kg2 h5 41. h4 g5 42. Qa8+ Kh7 43. hxg5 Bxg5 44. Qxa5 h4 45. Qc7+ Kh6 46.
Qf7 Qxf7 47. Bxf7 hxg3 48. Kxg3 Bd2 49. a5 Bxc3 50. a6 Bd4 51. f4 Kg7 52. Be8
exf4+ 53. Kxf4 Kf6 54. Bxc6 Ke6 55. Bd5+ Kf6 56. Bc4 Be5+ 57. Ke3 Bh2 58. Kd4
Ke7 59. Kd5 Bg1 60. Kc6 1-0

[Event "Paracin 2018"]
[Site "Paracin, Hotel Petrus"]
[Date "2018.07.06"]
[Round "1.51"]
[White "Pantelic, Sasa"]
[Black "Molnar Gabor, Roland"]
[Result "1-0"]
[WhiteElo "2316"]
[BlackElo "2034"]
[PlyCount "121"]
[EventDate "2018.07.06"]

1. d4 Nf6 2. c4 g6 3. Nc3 d5 4. Bf4 c6 5. e3 Bg7 6. Nf3 Bg4 7. Qb3 Qb6 8. c5
Qxb3 9. axb3 Nbd7 10. b4 O-O 11. Ne5 Nxe5 12. Bxe5 a6 13. h3 Be6 14. Bd3 Nd7
15. Bxg7 Kxg7 16. f4 Bf5 17. Bxf5 gxf5 18. g4 fxg4 19. hxg4 h6 20. Kf2 f5 21.
Rag1 fxg4 22. Rxg4+ Kh7 23. Rgh4 Rf6 24. Ke2 Rg8 25. R4h2 Rfg6 26. Kd3 e6 27.
Nd1 Nf6 28. Nf2 h5 29. Nh3 Ne4 30. Ng5+ Nxg5 31. Rxh5+ Kg7 32. fxg5 Kf7 33. Rg1
R6g7 34. Ke2 Kg6 35. Rh4 Kf7 36. Rf4+ Ke7 37. Rfg4 e5 38. dxe5 Ke6 39. Kd3 Kxe5
40. g6 Rf8 41. Rg5+ Ke6 42. R1g2 Rf1 43. Rh5 Rb1 44. Rh8 Rd1+ 45. Kc2 Re1 46.
Rg3 Kf6 47. Rd8 Rh1 48. Rd6+ Ke7 49. Rg5 Rg8 50. Re5+ Kf8 51. Rd8+ Kg7 52. Re7+
Kf6 53. Rxg8 Kxe7 54. Rb8 Kf6 55. Rxb7 Kxg6 56. Rb6 Ra1 57. Rxc6+ Kf5 58. Rd6
Ke5 59. Rd8 Ke6 60. c6 a5 61. c7 1-0

[Event "Paracin 2018"]
[Site "Paracin, Hotel Petrus"]
[Date "2018.07.06"]
[Round "1.52"]
[White "Bojicic, Andjela"]
[Black "Avalyan, Artur"]
[Result "1/2-1/2"]
[WhiteElo "2028"]
[BlackElo "2315"]
[PlyCount "57"]
[EventDate "2018.07.06"]

1. d4 Nf6 2. c4 e6 3. Nc3 d5 4. cxd5 Nxd5 5. e4 Nxc3 6. bxc3 c5 7. Nf3 cxd4 8.
cxd4 Bb4+ 9. Bd2 Bxd2+ 10. Qxd2 O-O 11. Be2 Nd7 12. O-O b6 13. e5 Bb7 14. Qe3
Rc8 15. Rac1 Qe7 16. Ng5 Rfe8 17. Bh5 g6 18. Bf3 Bxf3 19. Nxf3 b5 20. Ng5 Nb6
21. Ne4 Nd5 22. Qh6 Qf8 23. Qh4 Rxc1 24. Rxc1 Rc8 25. Rc5 b4 26. g3 Kg7 27. Nd6
Rb8 28. Ra5 Ra8 29. Rb5 1/2-1/2

[Event "Paracin 2018"]
[Site "Paracin, Hotel Petrus"]
[Date "2018.07.06"]
[Round "1.53"]
[White "Milosevic, Milos"]
[Black "Rakshitta, Ravi"]
[Result "0-1"]
[WhiteElo "2315"]
[BlackElo "2026"]
[PlyCount "84"]
[EventDate "2018.07.06"]

1. e4 e5 2. Nc3 Nf6 3. f4 d5 4. fxe5 Nxe4 5. Nf3 Nxc3 6. dxc3 Be6 7. Bf4 Be7 8.
Qd2 c5 9. O-O-O Nc6 10. Kb1 Qa5 11. h4 d4 12. c4 Qa6 13. Qd3 Nb4 14. Qb3 b5 15.
Nd2 Bf5 16. cxb5 Bxc2+ 17. Kc1 Qg6 18. Qc4 Bxd1 19. Kxd1 Qg4+ 20. Be2 Qxf4 21.
Rf1 Qxe5 22. Qxf7+ Kd8 23. Rf5 Qe3 24. Rd5+ Kc7 25. Rxc5+ Kb8 26. Nf1 Rf8 27.
Rc8+ Kb7 28. Rc7+ Kb6 29. Qxe7 Qxe7 30. Rxe7 Rae8 31. Rxg7 Rf2 32. Ng3 d3 33.
Bf3 Nc2 34. Rb7+ Ka5 35. Rxa7+ Kb4 36. Kc1 Re1+ 37. Bd1 Rxd1+ 38. Kxd1 Ne3+ 39.
Ke1 d2+ 40. Kxf2 d1=Q 41. Kxe3 Qg1+ 42. Kd3 Qxa7 0-1

[Event "Paracin 2018"]
[Site "Paracin, Hotel Petrus"]
[Date "2018.07.06"]
[Round "1.54"]
[White "Petrovic, Zoran Z"]
[Black "Dimitrov, Vladimir"]
[Result "1/2-1/2"]
[WhiteElo "2025"]
[BlackElo "2308"]
[PlyCount "40"]
[EventDate "2018.07.06"]

1. d4 Nf6 2. c4 e6 3. g3 c5 4. Nf3 cxd4 5. Nxd4 a6 6. Bg2 Qc7 7. b3 Bb4+ 8. Bd2
Bc5 9. e3 Nc6 10. Bc3 Be7 11. e4 d6 12. O-O O-O 13. Qe2 Bd7 14. Nxc6 Bxc6 15.
e5 dxe5 16. Bxe5 Qb6 17. Bb2 Rfd8 18. Nc3 Bxg2 19. Kxg2 Qc6+ 20. Qf3 h5 1/2-1/2

[Event "Paracin 2018"]
[Site "Paracin, Hotel Petrus"]
[Date "2018.07.06"]
[Round "1.55"]
[White "Sredojevic, Ivan"]
[Black "Yerden, Huseyin Eren"]
[Result "1-0"]
[WhiteElo "2298"]
[BlackElo "2022"]
[PlyCount "63"]
[EventDate "2018.07.06"]

1. c4 b6 2. e4 c5 3. Nf3 Bb7 4. Nc3 d6 5. d4 cxd4 6. Nxd4 Nf6 7. f3 g6 8. Be3
Bg7 9. Be2 O-O 10. O-O Nc6 11. Qd2 Rc8 12. Rac1 Re8 13. Rfd1 Nd7 14. Nc2 Nce5
15. b3 Nc5 16. Nd4 a6 17. Nd5 e6 18. Nc3 Qe7 19. Nc2 Red8 20. b4 Ncd7 21. Na4
Nxc4 22. Bxc4 Rxc4 23. Qxd6 Qxd6 24. Rxd6 Be5 25. Rxd7 Rxd7 26. Nxb6 Rdc7 27.
Nxc4 Rxc4 28. Ne1 Rxb4 29. Nd3 Bd4 30. Kf2 Bxe3+ 31. Kxe3 Ra4 32. Rc7 1-0

[Event "Paracin 2018"]
[Site "Paracin, Hotel Petrus"]
[Date "2018.07.06"]
[Round "1.56"]
[White "Terziev, Dimo"]
[Black "Kecskemeti, Arpad"]
[Result "1/2-1/2"]
[WhiteElo "2016"]
[BlackElo "2297"]
[PlyCount "43"]
[EventDate "2018.07.06"]

1. e4 c5 2. Nf3 d6 3. Bb5+ Nd7 4. O-O Ngf6 5. e5 dxe5 6. Nxe5 a6 7. Bxd7+ Bxd7
8. Nxd7 Qxd7 9. d3 g6 10. Nd2 Rd8 11. a4 Bg7 12. a5 O-O 13. Nc4 Nd5 14. Bd2
Rfe8 15. Qf3 e5 16. Rfe1 Re6 17. Re2 Rde8 18. Rae1 Qc6 19. h3 f5 20. Kh1 Bf6
21. Kg1 R8e7 22. Bc1 1/2-1/2

[Event "Paracin 2018"]
[Site "Paracin, Hotel Petrus"]
[Date "2018.07.06"]
[Round "1.57"]
[White "Cerovic, Danilo"]
[Black "Vlassis, Georgios"]
[Result "1-0"]
[WhiteElo "2294"]
[BlackElo "2005"]
[PlyCount "47"]
[EventDate "2018.07.06"]

1. e4 c6 2. d4 d5 3. exd5 cxd5 4. c4 Nf6 5. Nc3 g6 6. Qb3 Bg7 7. cxd5 O-O 8. g3
e6 9. Bg2 Nxd5 10. Nge2 Nc6 11. O-O Nxd4 12. Nxd4 Bxd4 13. Nxd5 exd5 14. Bh6
Re8 15. Rad1 Qb6 16. Qa4 Bxf2+ 17. Rxf2 Re2 18. Qd4 Qxd4 19. Rxd4 Re1+ 20. Rf1
Rxf1+ 21. Kxf1 Be6 22. Be3 Re8 23. Kf2 Rc8 24. Rd2 1-0

[Event "Paracin 2018"]
[Site "Paracin, Hotel Petrus"]
[Date "2018.07.06"]
[Round "1.58"]
[White "Farkas, Sandor I"]
[Black "Savanovic, Vuk"]
[Result "1/2-1/2"]
[WhiteElo "1998"]
[BlackElo "2294"]
[PlyCount "40"]
[EventDate "2018.07.06"]

1. e4 c5 2. Nf3 Nc6 3. d4 cxd4 4. Nxd4 g6 5. c4 Nf6 6. Nc3 d6 7. Be2 Bg7 8. Be3
O-O 9. O-O Bd7 10. Qd2 Nxd4 11. Bxd4 Bc6 12. f3 a5 13. b3 Nd7 14. Be3 Nc5 15.
Rab1 Qb6 16. Rfc1 Rfc8 17. Nb5 Qd8 18. a4 h5 19. Bf1 b6 20. Kh1 Kh7 1/2-1/2

[Event "Paracin 2018"]
[Site "Paracin, Hotel Petrus"]
[Date "2018.07.06"]
[Round "1.59"]
[White "Omorjan, Dejan"]
[Black "Lopuszanski, Kamil"]
[Result "1-0"]
[WhiteElo "2292"]
[BlackElo "1984"]
[PlyCount "139"]
[EventDate "2018.07.06"]

1. d4 Nf6 2. c4 g6 3. Nc3 Bg7 4. e4 O-O 5. Nf3 d6 6. h3 e5 7. d5 a5 8. Be3 Na6
9. g4 Nc5 10. Nd2 Qe7 11. a3 a4 12. Qc2 Bd7 13. Rg1 Kh8 14. Be2 Ng8 15. O-O-O
f5 16. g5 Nxe4 17. Ndxe4 fxe4 18. Bg4 Qe8 19. Nxe4 Ne7 20. Rde1 Nf5 21. Bxf5
gxf5 22. Nf6 Bxf6 23. gxf6 Rxf6 24. f4 Qf7 25. Qh2 Re8 26. Bd2 Rg6 27. fxe5
dxe5 28. Rxg6 hxg6 29. Rxe5 Kh7 30. Rxe8 Bxe8 31. Qe5 b5 32. h4 bxc4 33. Bc3
Qg8 34. Qxc7+ Qf7 35. Qe5 Qf8 36. Qc7+ Qf7 37. Qxc4 Qa7 38. Qe2 Qf7 39. Qe5 Qf8
40. d6 Bd7 41. Bd2 Qf7 42. Kb1 Qe6 43. Qxe6 Bxe6 44. Kc2 Kg7 45. Kc3 Kf7 46.
Kd4 Bc8 47. Kd5 Bb7+ 48. Ke5 Bc6 49. Bg5 Bb5 50. Kd5 Bd7 51. Bf4 Bc8 52. Bg3
Bb7+ 53. Kc5 Bc8 54. Kb4 Bd7 55. b3 axb3 56. Kxb3 Ke6 57. Kc4 Be8 58. Bh2 Bd7
59. Kb4 Kd5 60. a4 Be6 61. Bg3 Kc6 62. Kc3 Kc5 63. Kd3 Kd5 64. Ke3 Kc5 65. a5
Kb5 66. Kf4 Kxa5 67. Kg5 f4 68. Bxf4 Bf5 69. h5 Kb6 70. h6 1-0

[Event "Paracin 2018"]
[Site "Paracin, Hotel Petrus"]
[Date "2018.07.06"]
[Round "1.60"]
[White "Todorov, Kaloyan"]
[Black "Yordanov, Lachezar"]
[Result "1/2-1/2"]
[WhiteElo "1977"]
[BlackElo "2290"]
[PlyCount "51"]
[EventDate "2018.07.06"]

1. e4 c5 2. Nf3 d6 3. d4 cxd4 4. Nxd4 Nf6 5. f3 e5 6. Nb3 a5 7. Bb5+ Bd7 8. a4
d5 9. exd5 Bxb5 10. axb5 Nbd7 11. Nc3 Bb4 12. Qd3 Nb6 13. O-O a4 14. Nd2 O-O
15. Nde4 Bxc3 16. Nxc3 Nfxd5 17. Nxd5 Qxd5 18. Rd1 Qxd3 19. Rxd3 Rfc8 20. Be3
Nc4 21. b3 axb3 22. Rxa8 Rxa8 23. cxb3 Nxe3 24. Rxe3 f6 25. Rc3 Ra3 26. b6
1/2-1/2

[Event "Paracin 2018"]
[Site "Paracin, Hotel Petrus"]
[Date "2018.07.06"]
[Round "1.61"]
[White "Gomes, Mary Ann"]
[Black "Toncheva, Nadya"]
[Result "1-0"]
[WhiteElo "2284"]
[BlackElo "1975"]
[PlyCount "107"]
[EventDate "2018.07.06"]

1. Nf3 c5 2. c4 g6 3. Nc3 Nc6 4. g3 Bg7 5. Bg2 e6 6. O-O Nge7 7. e4 O-O 8. d3
d6 9. Be3 e5 10. Qd2 Nd4 11. Bh6 Bg4 12. Bxg7 Kxg7 13. Nh4 Qd7 14. f4 exf4 15.
gxf4 f5 16. h3 Bh5 17. Rae1 Rae8 18. Re3 fxe4 19. dxe4 Nec6 20. Nd5 Qd8 21. Nf3
Bxf3 22. Bxf3 Nxf3+ 23. Rfxf3 Nd4 24. Rg3 Kh8 25. Qg2 a6 26. h4 b5 27. b3 b4
28. Rg5 Rf7 29. Reg3 Ne6 30. R5g4 a5 31. Kh2 Ref8 32. Qb2+ Nd4 33. Rd3 Qe8 34.
Rxd4 cxd4 35. Qxd4+ Kg8 36. h5 Qe6 37. Kg3 Rg7 38. f5 Qe5+ 39. Qxe5 dxe5 40. f6
Rd7 41. hxg6 hxg6 42. Rxg6+ Kf7 43. Rg7+ Ke6 44. Rg6 Kf7 45. Rh6 Rg8+ 46. Kf3
Rg1 47. Kf2 Rg8 48. c5 Rdd8 49. c6 Rh8 50. c7 Rde8 51. Rxh8 Rxh8 52. Nb6 Kxf6
53. c8=Q Rxc8 54. Nxc8 1-0

[Event "Paracin 2018"]
[Site "Paracin, Hotel Petrus"]
[Date "2018.07.06"]
[Round "1.62"]
[White "Lea, Daniel J"]
[Black "Colovic, Dusan"]
[Result "0-1"]
[WhiteElo "1973"]
[BlackElo "2279"]
[PlyCount "54"]
[EventDate "2018.07.06"]

1. d4 d5 2. c4 e6 3. Nc3 c6 4. Nf3 dxc4 5. a4 Bb4 6. Bd2 a5 7. e4 b5 8. axb5
Bxc3 9. Bxc3 cxb5 10. Qd2 Nf6 11. Qg5 Bd7 12. e5 Ne4 13. Qxg7 Rf8 14. h4 Nc6
15. Nd2 Nxd2 16. Bxd2 Qe7 17. O-O-O f5 18. Qxe7+ Nxe7 19. g3 Bc6 20. Rg1 Bf3
21. Re1 Nd5 22. Bg2 Bxg2 23. Rxg2 b4 24. g4 f4 25. Kc2 b3+ 26. Kb1 a4 27. Rc1
Rc8 0-1

[Event "Paracin 2018"]
[Site "Paracin, Hotel Petrus"]
[Date "2018.07.06"]
[Round "1.63"]
[White "Cvetkovic, Nemanja"]
[Black "Mehmed, Elif"]
[Result "1-0"]
[WhiteElo "2278"]
[BlackElo "1973"]
[PlyCount "41"]
[EventDate "2018.07.06"]

1. d4 d5 2. c4 e6 3. Nc3 c6 4. Nf3 Nf6 5. cxd5 exd5 6. Qc2 Bd6 7. Bg5 h6 8.
Bxf6 gxf6 9. e3 Be6 10. Bd3 Rg8 11. g3 Bh3 12. Nh4 Nd7 13. Bf5 Bxf5 14. Nxf5
Bf8 15. e4 Nb6 16. exd5 cxd5 17. Qe2+ Kd7 18. Rc1 Qe8 19. Ne3 Rc8 20. O-O a6
21. Qf3 1-0

[Event "Paracin 2018"]
[Site "Paracin, Hotel Petrus"]
[Date "2018.07.06"]
[Round "1.64"]
[White "Altun, Arda"]
[Black "Sevgi, Volkan"]
[Result "0-1"]
[WhiteElo "1955"]
[BlackElo "2277"]
[PlyCount "70"]
[EventDate "2018.07.06"]

1. d4 f5 2. g3 Nf6 3. Bg2 g6 4. h4 d5 5. h5 gxh5 6. Bg5 Nbd7 7. Nh3 e6 8. Nf4
Qe7 9. Nc3 Rg8 10. Rxh5 Rxg5 11. Rxg5 Bh6 12. Nfxd5 exd5 13. Rxf5 c6 14. e3 Kd8
15. Qf3 Bg7 16. O-O-O Nf8 17. Re5 Qf7 18. Rh1 Bg4 19. Qf4 Ng6 20. Qg5 h6 21.
Rxh6 Bxh6 22. Qxh6 Nxe5 23. dxe5 Nd7 24. Qg5+ Kc7 25. Qxg4 Qxf2 26. Bh3 Qxe3+
27. Kd1 Nxe5 28. Qg7+ Kb6 29. Na4+ Ka6 30. Bf1+ Nc4 31. Qc3 Qxc3 32. Nxc3 Kb6
33. Bxc4 dxc4 34. Ne4 Re8 35. Nd6 Rd8 0-1

[Event "Paracin 2018"]
[Site "Paracin, Hotel Petrus"]
[Date "2018.07.06"]
[Round "1.65"]
[White "Martic, Zlatko"]
[Black "Milanovic, Maja"]
[Result "1-0"]
[WhiteElo "2264"]
[BlackElo "1955"]
[PlyCount "121"]
[EventDate "2018.07.06"]

1. d4 Nf6 2. c4 e6 3. Nf3 Bb4+ 4. Bd2 Bxd2+ 5. Qxd2 Ne4 6. Qc2 f5 7. Nbd2 Nxd2
8. Qxd2 Qf6 9. g3 b6 10. Bg2 Bb7 11. O-O O-O 12. Rac1 d6 13. c5 bxc5 14. dxc5
d5 15. Nd4 c6 16. b4 a6 17. a4 Qe7 18. b5 axb5 19. axb5 cxb5 20. c6 Bc8 21.
Nxb5 Ra4 22. Nc3 Ra6 23. c7 Qxc7 24. Rfd1 Qe5 25. e3 Rc6 26. f4 Qd6 27. Nxd5
Kf7 28. Rxc6 Nxc6 29. Nb6 Qxd2 30. Rxd2 Nb4 31. Rd4 Nd5 32. Nxd5 exd5 33. Rxd5
Be6 34. Rb5 Rc8 35. Rb2 Rc1+ 36. Kf2 Rc4 37. Bf3 Rc1 38. h3 Bc4 39. Rb7+ Kf6
40. Rb6+ Ke7 41. Rb7+ Kf6 42. Rb2 Rf1+ 43. Kg2 Re1 44. Rc2 Bb5 45. Rc3 Rb1 46.
g4 Rb2+ 47. Kg3 fxg4 48. hxg4 h6 49. Rc5 Ba4 50. e4 Rb3 51. Rc7 Rd3 52. Kf2 Ra3
53. e5+ Ke6 54. Rxg7 Ra2+ 55. Ke1 Ra1+ 56. Kd2 Ra2+ 57. Ke3 Ra3+ 58. Kf2 Ra2+
59. Kg3 Ra3 60. Ra7 Ra2 61. Bd1 1-0

[Event "Paracin 2018"]
[Site "Paracin, Hotel Petrus"]
[Date "2018.07.06"]
[Round "1.66"]
[White "Ahmed, Fareed"]
[Black "Popovic, Aleksandar M"]
[Result "0-1"]
[WhiteElo "1953"]
[BlackElo "2264"]
[PlyCount "38"]
[EventDate "2018.07.06"]

1. e4 g6 2. Nc3 Bg7 3. d4 d6 4. Be3 a6 5. Qd2 b5 6. Nf3 Bb7 7. Bd3 Nd7 8. Ne2
Ngf6 9. Bh6 Bxh6 10. Qxh6 e5 11. dxe5 dxe5 12. O-O Qe7 13. a4 b4 14. Ng3 Nc5
15. Bc4 O-O-O 16. Rfe1 Kb8 17. Qg7 Rdf8 18. Rad1 h6 19. Nh4 Rh7 0-1

[Event "Paracin 2018"]
[Site "Paracin, Hotel Petrus"]
[Date "2018.07.06"]
[Round "1.67"]
[White "Popovic, Milan S"]
[Black "Damjanovic, Vuk"]
[Result "1-0"]
[WhiteElo "2264"]
[BlackElo "1939"]
[PlyCount "115"]
[EventDate "2018.07.06"]

1. e4 c6 2. d4 d5 3. e5 Bf5 4. c4 e6 5. Nc3 Bb4 6. Qb3 a5 7. a3 dxc4 8. Bxc4
Bxc3+ 9. bxc3 b5 10. Be2 a4 11. Qd1 Be4 12. Nf3 Bd5 13. O-O Nd7 14. Qc2 Nb6 15.
Nd2 Ne7 16. Ne4 Bxe4 17. Qxe4 Qd5 18. Qg4 h5 19. Qh3 Qe4 20. Bd3 Qg4 21. Qxg4
hxg4 22. Re1 Ned5 23. Re4 Nxc3 24. Rxg4 g6 25. Bg5 Ncd5 26. Rc1 Kd7 27. Rg3 b4
28. Rf3 Rh7 29. axb4 Nxb4 30. Be4 a3 31. Rb3 a2 32. Rxb4 a1=Q 33. Bxc6+ Kc7 34.
Bxa8+ Qxc1+ 35. Bxc1 Nxa8 36. Rc4+ Kd7 37. Ba3 Nb6 38. Rc1 Rh4 39. Bc5 Na4 40.
g3 Re4 41. Bd6 Rxd4 42. Rc7+ Ke8 43. Rc8+ Kd7 44. Rc7+ Ke8 45. Rc8+ Kd7 46. Rf8
f5 47. Rg8 Rd2 48. Rxg6 Nb2 49. h4 Nd3 50. h5 Nxf2 51. h6 Ng4 52. h7 Rd1+ 53.
Kg2 Rd2+ 54. Kf1 Rh2 55. Rg7+ Kc6 56. Kg1 Rh3 57. Kf1 Rh2 58. Ra7 1-0

[Event "Paracin 2018"]
[Site "Paracin, Hotel Petrus"]
[Date "2018.07.06"]
[Round "1.68"]
[White "Alivodic, Dario"]
[Black "Cvetkovic, Srdjan"]
[Result "0-1"]
[WhiteElo "1930"]
[BlackElo "2262"]
[PlyCount "66"]
[EventDate "2018.07.06"]

1. d4 Nf6 2. c4 e6 3. Nf3 d5 4. Nc3 Nbd7 5. Bg5 c6 6. Qc2 h6 7. Bh4 a6 8. e3 b5
9. cxb5 cxb5 10. Bd3 Bb7 11. O-O Rc8 12. Qe2 Be7 13. Rac1 O-O 14. Bb1 b4 15.
Na4 Qa5 16. b3 Bc6 17. Ne5 Bb5 18. Bd3 Bd6 19. Nxd7 Nxd7 20. e4 dxe4 21. Qxe4
Bxd3 22. Qxd3 Nb6 23. Nxb6 Qxb6 24. d5 Bf4 25. Rc4 Qd6 26. Bg3 Bxg3 27. hxg3
exd5 28. Rd4 Rc3 29. Qd2 Rfc8 30. Rxd5 Qe7 31. Re1 Qf6 32. Qd4 Rc1 33. Qxb4 Qa1
0-1

[Event "Paracin 2018"]
[Site "Paracin, Hotel Petrus"]
[Date "2018.07.06"]
[Round "1.69"]
[White "Uzumcu, Ahmet Utku"]
[Black "Vujcic, Milena"]
[Result "1-0"]
[WhiteElo "2261"]
[BlackElo "1911"]
[PlyCount "219"]
[EventDate "2018.07.06"]

1. e4 e5 2. Nf3 Nc6 3. Bc4 Bc5 4. c3 Nf6 5. d3 d6 6. Bb3 O-O 7. Nbd2 Bb6 8. h3
Ne7 9. Nf1 Ng6 10. Ng3 h6 11. O-O c6 12. Re1 d5 13. exd5 Nxd5 14. d4 exd4 15.
Nxd4 Kh8 16. Bc2 Ndf4 17. Be3 Qc7 18. Nh5 f5 19. Bb3 Nd5 20. Bxd5 cxd5 21. Nb5
Qc6 22. a4 Bxe3 23. Rxe3 a6 24. Qd4 Rg8 25. Na3 Bd7 26. Nc2 Qc4 27. Nb4 Qxd4
28. cxd4 f4 29. Rf3 Rgf8 30. Nd3 Rf5 31. Nhxf4 Nxf4 32. Rxf4 Re8 33. Rxf5 Bxf5
34. Nc5 Re2 35. Nxb7 Rxb2 36. Nc5 a5 37. Re1 Rb4 38. Re5 Bc2 39. Rxd5 Bxa4 40.
Rd8+ Kh7 41. d5 Bb5 42. d6 Rd4 43. d7 a4 44. Ne6 Rd1+ 45. Kh2 h5 46. Nf8+ Kh6
47. h4 Rd6 48. Rb8 Bxd7 49. Rd8 a3 50. Nxd7 a2 51. Rh8+ Kg6 52. Ne5+ Kf6 53.
Ra8 Kxe5 54. Rxa2 g6 55. Ra5+ Kf6 56. Kg3 Rd3+ 57. Kh2 Rd6 58. g3 Rb6 59. Kg2
Rc6 60. Kf3 Rb6 61. Rc5 Rb3+ 62. Ke4 Rb4+ 63. Kd3 Rb2 64. Rc2 Rb4 65. Rc3 Rb2
66. Ke3 Rb4 67. Rc6+ Kf5 68. Rc5+ Kf6 69. Kf3 Rb3+ 70. Ke4 Rb4+ 71. Kd3 Rb2 72.
Rc2 Rb4 73. Rc3 Rb2 74. Ke3 Rb4 75. f3 Ra4 76. Rc6+ Kf5 77. Rc5+ Kf6 78. Rd5
Ra6 79. Ke4 Rb6 80. Rd4 Ra6 81. Kf4 Rb6 82. g4 hxg4 83. Kxg4 Ra6 84. Rd5 Ra4+
85. Kg3 Ra6 86. h5 gxh5 87. Rxh5 Kg6 88. Rb5 Ra4 89. Rd5 Rb4 90. Kf2 Kf6 91.
Kg3 Ra4 92. Rb5 Kg6 93. f4 Ra3+ 94. Kg4 Ra6 95. Rg5+ Kf6 96. Rb5 Kg6 97. Rb8
Rc6 98. Rg8+ Kf7 99. Rg5 Kf6 100. Rh5 Rc4 101. Rh6+ Kg7 102. Rb6 Rc5 103. Rd6
Ra5 104. f5 Rb5 105. Kg5 Ra5 106. Rd7+ Kf8 107. Kg6 Ra6+ 108. f6 Ke8 109. Rb7
Ra1 110. f7+ 1-0

[Event "Paracin 2018"]
[Site "Paracin, Hotel Petrus"]
[Date "2018.07.06"]
[Round "1.70"]
[White "Danaci, Ege"]
[Black "Jovanovic, Sasa T"]
[Result "1-0"]
[WhiteElo "1902"]
[BlackElo "2258"]
[PlyCount "69"]
[EventDate "2018.07.06"]

1. e4 c5 2. Nc3 a6 3. g3 b5 4. Bg2 Bb7 5. d3 e6 6. Nh3 Nf6 7. O-O d6 8. f4 h5
9. f5 e5 10. Nf2 Nbd7 11. Nd5 Nxd5 12. exd5 Be7 13. Bd2 Nf6 14. c4 Qc7 15. Qe1
bxc4 16. dxc4 a5 17. h3 a4 18. g4 hxg4 19. hxg4 Qb6 20. Rb1 Ba6 21. b3 axb3 22.
axb3 Bc8 23. g5 Nd7 24. Ne4 f6 25. Qg3 Ra2 26. Ra1 Rb2 27. gxf6 Nxf6 28. Qxg7
Rf8 29. Bg5 Qd8 30. Ra7 Rf7 31. Qh8+ Rf8 32. Rxe7+ Qxe7 33. Nxf6+ Kd8 34. Qxf8+
Qxf8 35. Nh7+ 1-0

[Event "Paracin 2018"]
[Site "Paracin, Hotel Petrus"]
[Date "2018.07.06"]
[Round "1.71"]
[White "Jocev, Milan"]
[Black "Caberoglu, Arda"]
[Result "1-0"]
[WhiteElo "2256"]
[BlackElo "1869"]
[PlyCount "61"]
[EventDate "2018.07.06"]

1. d4 d5 2. Nf3 Nf6 3. c4 c6 4. Nc3 e6 5. cxd5 cxd5 6. Bg5 h6 7. Bh4 Be7 8. e3
O-O 9. Bd3 Nbd7 10. O-O a6 11. Qb3 b6 12. Rac1 Bb7 13. Bg3 Nh5 14. Be5 Rc8 15.
Ne2 Nxe5 16. Nxe5 Qd6 17. Bb1 Nf6 18. Qd3 Rxc1 19. Rxc1 Rc8 20. Rxc8+ Bxc8 21.
g4 Bb7 22. Qc2 Kf8 23. Nf4 Ke8 24. f3 g5 25. Nfd3 Nd7 26. Nxd7 Qxd7 27. Ne5 Qc8
28. Qh7 Qc1+ 29. Kg2 Qd2+ 30. Kh3 Qe1 31. Qg8+ 1-0